000 00443nam a22001817a 4500
005 20250630142923.0
008 250630b |||||||| |||| 00| 0 eng d
020 _a9781862306578
_qpbk
041 _aeng
082 _a823.92 RAI
100 _aRai Bali
245 _aSoccer Squad- Stars!
_c/ Bali Rai
250 _a1st ed
260 _aLondon
_bRed Fox
_c2009
300 _a118p. :
_c22cm
650 _aEnglish Fiction
942 _cENGLISH
999 _c574395
_d574395